000 00347nam a2200133Ia 4500
005 20251222144634.0
008 251222s9999||||xx |||||||||||||| ||spa||
020 _a97896932203
082 _a863/C17
245 0 _aLa Vida de Lazarillo de Tormes y de su Fortunas y Adversidades
250 _a1ra.ed.
264 _bEdiciones Pálamo
942 _cLIB
999 _c16399
_d16399